| 000 | 00907cam a22002054a 4500 | ||
|---|---|---|---|
| 005 | 20250605164019.0 | ||
| 008 | 250528s ||||||||||||||||||||||||d | ||
| 035 | _a16273 | ||
| 020 | _a340504277 | ||
| 040 |
_aGR-AtMCL _bgre _dGR-AtMCL _eAACR2 |
||
| 245 | 1 | _aElectronics / Practical Applications and Designs | |
| 260 | _c1989 | ||
| 300 | _a154 | ||
| 520 | _aThis book adopts a-by-step approach to encourage familiarity with semiconductor devices, amplifiers, power supplies and logic circuits. Preface, Introduction, Semiconductor Diodes, Transistors, Amplifiers, The Testing and Design of Small Signal Amplifiers, Stabilized Power Supplies, Combinational Logic Gates, Combinational Logic Networks, Sequential Logic Circuits, Integrative Assignments, Data Sheets, Index. | ||
| 700 | 1 |
_aEdward Arnold _9242 |
|
| 700 | 1 |
_aMorris John C _92357 |
|
| 942 | _cBK | ||
| 999 |
_c1791 _d1791 |
||